000 00307nam a2200097Ia 4500
008 240331s9999 xx 000 0 und d
082 _bNAT
100 _aAustralian Government . ed
245 0 _aNational Guidelines for the training of service providers working in the area of violence against women
942 _cL
999 _c2889
_d2889